书目信息 |
| 题名: |
《梦溪笔谈》选注
|
|
| 作者: | ;北京印刷一厂工人理论组 选注 | |
| 分册: | ||
| 出版信息: | 北京 人民文学出版社 1975 |
|
| 页数: | 165页 | |
| 开本: | 19cm | |
| 丛书名: | ||
| 单 册: | ||
| 中图分类: | N092 , I207 | |
| 科图分类: | ||
| 主题词: | 文学--中国--中国 | |
| 电子资源: | ||
| ISBN: | ||
| 000 | 00688nam0 2200241 450 | |
| 001 | 1574303487 | |
| 005 | 20150124203901.09 | |
| 010 | @dCNY0.38 | |
| 091 | @a10019.2340 | |
| 100 | @a20060218d1975 em y0chiy0121 ea | |
| 101 | 0 | @achi |
| 102 | @aCN@b110000 | |
| 105 | @ay z 000yy | |
| 200 | 1 | @a《梦溪笔谈》选注@9《 meng xi bi tan》 xuan zhu@f北京印刷一厂工人理论组选注 |
| 210 | @a北京@c人民文学出版社@d1975 | |
| 215 | @a165页@d19cm | |
| 605 | @a梦溪笔谈 | |
| 606 | 0 | @a文学@x中国@y中国 |
| 690 | @aN092@v5 | |
| 690 | @aI207@v4 | |
| 711 | 02 | @a北京印刷一厂工人理论组@9bei jing yin shua yi chang gong ren li lun zu@4选注 |
| 801 | 0 | @aCN@bTSSF@c20150124 |
| 905 | @aZUCC@dI207@eJY24 | |
| 《梦溪笔谈》选注/北京印刷一厂工人理论组选注.-北京:人民文学出版社,1975 |
| 165页;19cm |
| ISBN :CNY0.38 |
| ● |
| 相关链接 |
|
|
|
|
正题名:《梦溪笔谈》选注
索取号:I207/JY24
 
预约/预借
| 序号 | 登录号 | 条形码 | 馆藏地/架位号 | 状态 | 备注 |
| 1 | 7840841 | 278408411 | 学院路分馆/ [索取号:I207/JY24] | 在馆 | |
| 2 | 7840842 | 278408420 | 学院路分馆/ [索取号:I207/JY24] | 在馆 | |
| 3 | 7840843 | 278408439 | 学院路分馆/ [索取号:I207/JY24] | 在馆 |